EVOLUTION OF THE LOWER VISTULA FLOODPLAIN IN THE LIGHT OF SEDIMENTOLOGICAL AND GEOMORPHOLOGICAL ANALYSES OF THE OVERBANK DEPOSITS, NORTH CENTRAL POLAND

Bibliographic Details
Main Authors: Kordowski, Jaroslaw (Author), Kubiak, Katrzyna (Author), Tyszkowski, Sebastian (Author)
Format: Article
Language:English
ISBN:9788080849139
Subjects:

MARC

LEADER 00000naa a2200000 a 4500
001 vtls011849401
003 SK-MaSNL
005 20260302134018.0
008 210910|2012 xo |||||||||||||||||eng|
015 |a SNBCL 
035 |a (urnnbn)urn:nbn:sk:snk:ar-a0aqrc 
035 |a urn:nbn:sk:snk-aaw4si 
035 |a (uuid)a8c94884-362e-46c1-86c3-640db61fd913 
040 |a SNKBUCL  |b slo  |c SNKBUCL  |e AACR2 
041 |a eng 
044 |a xo  |c SK 
100 1 |a Kordowski, Jaroslaw  |4 aut  |9 821204 
245 1 0 |a EVOLUTION OF THE LOWER VISTULA FLOODPLAIN IN THE LIGHT OF SEDIMENTOLOGICAL AND GEOMORPHOLOGICAL ANALYSES OF THE OVERBANK DEPOSITS, NORTH CENTRAL POLAND  |c Jaroslaw Kordowski, Katrzyna Kubiak, Sebastian Tyszkowski 
336 |a text  |b txt  |c rdacontent 
337 |a bez média  |b n  |c rdamedia 
338 |a zväzok  |b nc  |c rdacarrier 
655 7 |a články zo zborníkov  |2 snkbucl  |9 166140 
700 1 |a Kubiak, Katrzyna  |4 aut  |9 821205 
700 1 |a Tyszkowski, Sebastian  |4 aut  |9 821206 
773 0 |t Geomorfológia a integrovaný výskum krajiny  |d Ružomberok : Verbum, 2012  |g S. 26-27  |z 9788080849139 
958 |a OND 
958 |a article26 
958 |a chapter 
999 |c 1319613  |d 1321543